Normal view
MARC view
- Political campaigns
Entry Topical Term
001 - CONTROL NUMBER
- control field: 44748
003 - CONTROL NUMBER IDENTIFIER
- control field: OSt
005 - DATE AND TIME OF LATEST TRANSACTION
- control field: 20220316084821.0
008 - FIXED-LENGTH DATA ELEMENTS
- fixed length control field: 220316|| aca||aabn | a|a d
040 ## - CATALOGING SOURCE
- Original cataloging agency: OSt
- Transcribing agency: OSt
150 ## - HEADING--TOPICAL TERM
- Topical term or geographic name entry element: Political campaigns
- General subdivision: Social aspects
- Geographic subdivision: United States.
670 ## - SOURCE DATA FOUND
- Source citation: Work cat.: (OSt)0: Richey, Sean, author. 44746, Political advocacy and American politics :, ©2021.
